Análisis matemático
Saved in:
| Main Authors: | , , |
|---|---|
| Format: | Bog |
| Sprog: | spansk |
| Udgivet: |
Ciudad de México
Trillas
1970
|
| Serier: | Biblioteca de Matemática Superior
|
| Fag: | |
| Tags: |
Tilføj Tag
Ingen Tags, Vær først til at tagge denne postø!
|
MARC
| LEADER | 00000nam a2200000 a 4500 | ||
|---|---|---|---|
| 001 | UCV4717 | ||
| 003 | CL-VaPUC | ||
| 008 | 910725e19700000MX |||||||||||||||||spa|d | ||
| 082 | 0 | 4 | |a 515 |b HAA |2 21 |
| 100 | |a Haaser, Norman B |e author |9 535979 | ||
| 700 | 0 | |a Sullivan, Joseph A |e author |9 298914 | |
| 700 | |a LaSalle, Joseph P |e author |9 535980 | ||
| 245 | 1 | 0 | |a Análisis matemático |
| 300 | |a 2 v | ||
| 942 | |c BK | ||
| 945 | |d 19910725 00:00:00 |a mfernand | ||
| 260 | |a Ciudad de México |b Trillas |c 1970 | ||
| 500 | |a v.1: Curso de introducción | ||
| 500 | |a v.2: Curso intermedio | ||
| 650 | 0 | |a Análisis matemático |9 260146 | |
| 583 | |a last modification |c 20171031 10:59:43 |k Rodrigo Vera | ||
| 490 | 0 | |a Biblioteca de Matemática Superior | |
| 999 | |c 211419 |d 211417 | ||
| 952 | |0 0 |1 0 |4 0 |6 515_000000000000000_HAA_1970 |7 0 |8 A |9 190678 |a BIBING |b BIBING |d 2019-11-14 |h v.1 |i 2583593 |l 1 |o 515 HAA 1970 |p 2583593 |r 2025-01-20 |s 2022-11-07 |w 2019-11-14 |y BK |k TRA | ||
| 952 | |0 0 |1 0 |4 0 |6 515_000000000000000_HAA_1970 |7 0 |8 A |9 190679 |a BIBMAT |b BIBMAT |d 2019-11-14 |h v.1 |i 2583615 |o 515 HAA 1970 |p 2583615 |r 2025-01-07 |w 2019-11-14 |y BK |k MAT | ||
| 952 | |0 0 |1 0 |4 0 |6 515_000000000000000_HAA_1970 |7 0 |8 A |9 190680 |a BIBMAT |b BIBMAT |d 2019-11-14 |h v.2 |i 2583631 |o 515 HAA 1970 |p 2583631 |r 2025-01-07 |w 2019-11-14 |y BK |k MAT | ||
| 952 | |0 0 |1 0 |4 0 |6 515_000000000000000_HAA_1970 |7 0 |8 A |9 190681 |a BIBMAT |b BIBMAT |d 2019-11-14 |h v.2 |i 258364K |o 515 HAA 1970 |p 258364K |r 2025-01-07 |w 2019-11-14 |y BK |k MAT | ||
| 952 | |0 0 |1 0 |2 ddc |4 0 |6 515_000000000000000_HAA_1970 |7 0 |8 CCM |9 190684 |a BIBCUR |b BIBCUR |c PAC |d 2019-11-14 |h v.2 |i 3052036 |o 515 HAA 1970 |p 3052036 |r 2025-04-22 |w 2019-11-14 |y BK |k CIM | ||
| 952 | |0 0 |1 0 |4 0 |6 515_000000000000000_HAA_1970 |7 0 |8 A |9 190688 |a BIBING |b BIBING |d 2019-11-14 |h v.2 |i 1647342 |o 515 HAA 1970 |p 1647342 |r 2025-01-20 |w 2019-11-14 |y BK |k ING | ||
| 952 | |0 0 |1 0 |4 0 |6 515_000000000000000_HAA_1970 |7 0 |8 A |9 190691 |a BIBCUR |b BIBCUR |d 2019-11-14 |h v.1 |i 1747215 |o 515 HAA 1970 |p 1747215 |r 2025-04-22 |w 2019-11-14 |y BK |k BCB | ||
| 952 | |0 0 |1 0 |4 0 |6 515_000000000000000_HAA_1970 |7 0 |8 A |9 190692 |a BIBCUR |b BIBCUR |d 2019-11-14 |h v.2 |i 174724K |o 515 HAA 1970 |p 174724K |r 2025-04-22 |w 2019-11-14 |y BK |k BCB | ||
| 952 | |0 0 |1 0 |4 0 |6 515_000000000000000_HAA_1970 |7 0 |8 A |9 190693 |a BIBCUR |b BIBCUR |d 2019-11-14 |h v.1 |i 1783793 |o 515 HAA 1970 |p 1783793 |r 2025-04-22 |w 2019-11-14 |y BK |k BCB | ||
| 952 | |0 0 |1 0 |4 0 |6 515_000000000000000_HAA_1970 |7 0 |8 A |9 190694 |a BIBALI |b BIBALI |c GEN |d 2019-11-14 |h v.1 |i 1964968 |o 515 HAA 1970 |p 1964968 |r 2025-01-20 |w 2019-11-14 |y BK |k ALI | ||
| 952 | |0 0 |1 0 |4 0 |6 515_000000000000000_HAA_1970 |7 0 |8 A |9 190695 |a BIBALI |b BIBALI |c GEN |d 2019-11-14 |h v.1 |i 1964976 |o 515 HAA 1970 |p 1964976 |r 2025-01-20 |w 2019-11-14 |y BK |k ALI | ||
| 952 | |0 0 |1 0 |4 0 |6 515_000000000000000_HAA_1970 |7 0 |8 A |9 190696 |a BIBALI |b BIBALI |c GEN |d 2019-11-14 |h v.2 |i 1964984 |o 515 HAA 1970 |p 1964984 |r 2025-01-20 |w 2019-11-14 |y BK |k ALI | ||
| 952 | |0 0 |1 0 |4 0 |6 515_000000000000000_HAA_1970 |7 0 |8 A |9 190697 |a BIBALI |b BIBALI |c GEN |d 2019-11-14 |h v.2 |i 1964992 |o 515 HAA 1970 |p 1964992 |r 2025-01-20 |w 2019-11-14 |y BK |k ALI | ||
| 952 | |0 0 |1 0 |4 0 |6 515_000000000000000_HAA_1970 |7 0 |8 A |9 190698 |a BIBMAT |b BIBMAT |d 2019-11-14 |h v.2 |i 1303260 |o 515 HAA 1970 |p 1303260 |r 2025-01-07 |w 2019-11-14 |y BK |k MAT | ||
| 952 | |0 0 |1 0 |4 0 |6 515_000000000000000_HAA_1970 |7 0 |8 A |9 190699 |a BIBMAT |b BIBMAT |d 2019-11-14 |h v.2 |i 130321K |o 515 HAA 1970 |p 130321K |r 2025-01-07 |w 2019-11-14 |y BK |k MAT | ||
| 952 | |0 0 |1 0 |4 0 |6 515_000000000000000_HAA_1970 |7 0 |8 A |9 190700 |a BIBMAT |b BIBMAT |d 2019-11-14 |h v.2 |i 1303392 |o 515 HAA 1970 |p 1303392 |r 2025-01-07 |w 2019-11-14 |y BK |k MAT | ||
| 952 | |0 0 |1 0 |4 0 |6 515_000000000000000_HAA_1970 |7 0 |8 A |9 190701 |a BIBMAT |b BIBMAT |d 2019-11-14 |h v.2 |i 1309749 |o 515 HAA 1970 |p 1309749 |r 2025-01-07 |w 2019-11-14 |y BK |k MAT | ||
| 952 | |0 0 |1 0 |4 0 |6 515_000000000000000_HAA_1970 |7 0 |8 A |9 190702 |a BIBMAT |b BIBMAT |d 2019-11-14 |h v.2 |i 130979K |o 515 HAA 1970 |p 130979K |r 2025-01-07 |w 2019-11-14 |y BK |k MAT | ||
| 952 | |0 0 |1 0 |4 0 |6 515_000000000000000_HAA_1970 |7 0 |8 A |9 190703 |a BIBMAT |b BIBMAT |d 2019-11-14 |h v.2 |i 1317008 |o 515 HAA 1970 |p 1317008 |r 2025-01-07 |w 2019-11-14 |y BK |k MAT | ||
| 952 | |0 0 |1 0 |4 0 |6 515_000000000000000_HAA_1970 |7 0 |8 A |9 190704 |a BIBMEC |b BIBMEC |d 2019-11-14 |h v.1 |i 1325736 |o 515 HAA 1970 |p 1325736 |r 2024-01-19 |w 2019-11-14 |y BK |k MEC | ||
| 952 | |0 0 |1 0 |4 0 |6 515_000000000000000_HAA_1970 |7 0 |8 A |9 190708 |a BIBMEC |b BIBMEC |d 2019-11-14 |h v.2 |i 1325906 |o 515 HAA 1970 |p 1325906 |r 2024-01-19 |w 2019-11-14 |y BK |k MEC | ||
| 952 | |0 0 |1 0 |4 0 |6 515_000000000000000_HAA_1970 |7 0 |8 A |9 190709 |a BIBMEC |b BIBMEC |d 2019-11-14 |h v.2 |i 1325957 |o 515 HAA 1970 |p 1325957 |r 2024-01-19 |w 2019-11-14 |y BK |k MEC | ||
| 952 | |0 0 |1 0 |4 0 |6 515_000000000000000_HAA_1970 |7 0 |8 A |9 190710 |a BIBMAT |b BIBMAT |d 2019-11-14 |h v.1 |i 1334786 |o 515 HAA 1970 |p 1334786 |r 2025-01-07 |w 2019-11-14 |y BK |k MAT | ||